| 000 | 00471nam a22001577a 4500 | ||
|---|---|---|---|
| 999 |
_c9338 _d9338 |
||
| 008 | 210405b ||||| |||| 00| 0 eng d | ||
| 040 | _aBMS College of Architecture | ||
| 100 | _aBhargavi | ||
| 245 | _aNisargadhama (A resort at pilikula Mangalore | ||
| 300 | _aNA | ||
| 500 | _a96Gbeat1008 | ||
| 502 |
_8B.Arch _NBMS College of Architecture, Visvesvaraya Technological University _aProject report _dNA |
||
| 650 | _aNA | ||
| 700 |
_aRama R S _eGuide |
||
| 942 |
_2ddc _cTHE |
||